Acuerdos y convenios entre instituciones mexicanas de educación superior y sus contrapartes de los Estados Unidos y Canada (Record no. 61914)

MARC details
000 -CABECERA
campo de control de longitud fija 00681nam a2200217 a 4500
005 - FECHA Y HORA DE LA ÚLTIMA TRANSACCIÓN
campo de control 20210219152841.0
008 - ELEMENTOS DE LONGITUD FIJA--INFORMACIÓN GENERAL
campo de control de longitud fija 991125n 000 0 spa u
035 ## - NÚMERO DE CONTROL DEL SISTEMA
Número de control de sistema UPN01000062943
222 ## - TÍTULO CLAVE
Título clave REVISTA DE LA EDUCACION SUPERIOR
245 ## - MENCIÓN DE TÍTULO
Título Acuerdos y convenios entre instituciones mexicanas de educación superior y sus contrapartes de los Estados Unidos y Canada
300 ## - DESCRIPCIÓN FÍSICA
Extensión 159-187
362 ## - FECHAS DE PUBLICACIÓN Y/O DESIGNACIÓN SECUENCIAL
Fecha de publicación y/o designación secuencial 1993 22, no. 3(87), jul.-sep.
653 0# - TERMINO DE INDIZACION - NO CONTROLADO
Término no controlado CANADA
653 0# - TERMINO DE INDIZACION - NO CONTROLADO
Término no controlado CONVENIOS EDUCATIVOS
653 0# - TERMINO DE INDIZACION - NO CONTROLADO
Término no controlado EDUCACION SUPERIOR
653 0# - TERMINO DE INDIZACION - NO CONTROLADO
Término no controlado ESTADOS UNIDOS DE AMÉRICA
653 0# - TERMINO DE INDIZACION - NO CONTROLADO
Término no controlado INSTITUCIONES EDUCATIVAS
653 0# - TERMINO DE INDIZACION - NO CONTROLADO
Término no controlado MEXICO
904 ## - ELEMENTOS DE DATOS D LOCAL, LDD (RLIN)
a AC
b 000754
905 ## - TIPO DE MATERIAL
Tipo de material Articulo

No items available.